Shakespeare Characters by Quote I Quiz Stats

 Plays Quiz not verified by Sporcle

Challenge
Share
Tweet
Embed
Score 0/37 Timer 10:00
0 Plays Today
Quote Character % Correct
'Out, damned spot! out, I say!Lady Macbeth
90.9%
'A horse! a horse! my kingdom for a horse!'Richard III
76.2%
'A plague o' both your houses!'Mercutio
70.4%
'We few, we happy few, we band of brothers;'Henry V
67.4%
'If you prick us, do we not bleed? if you tickle us, do we not laugh? if you poison us, do we not die? and if you wrong us, shall we not revenge?'Shylock
66.7%
'O, beware, my lord, of jealousy! It is the green-eyed monster which doth mock the meat it feeds on.'Iago
66.1%
'This above all: to thine own self be true, and it must follow, as the night the day, thou canst not then be false to any man.'Polonius
65.4%
'Men at some time are masters of their fates: The fault, dear Brutus, is not in our stars, but in ourselves, that we are underlings.'Cassius
61.1%
'How beauteous mankind is! O brave new world, that has such people in't! 'Miranda
59.4%
'Kiss me Kate, we will be married o' Sunday.'Petruchio
56.2%
'All the world's a stage, and all the men and women merely players;'Jaques
47.9%
'Banish plump Jack, and banish all the world.'Falstaff
42.8%
'Jack shall have Jill; Naught shall go ill; The man shall have his mare again, and all shall be well.'Puck
39.1%
'Uneasy lies the head that wears a crown.'Henry IV
34.1%
'O God, that I were a man! I would eat his heart in the market-place.'Beatrice
32.2%
'Hector is dead; there is no more to say.'Troilus
29.6%
'For God's sake, let us sit upon the ground and tell sad stories of the death of kings;'Richard II
26.8%
'Tut, I have done a thousand dreadful things as willingly as one would kill a fly; And nothing grieves me heartily indeed but that I cannot do ten thousand more. 'Aaron the Moor
25.7%
'What light is light, if Silvia be not seen? What joy is joy, if Silvia be not by?'Valentine
24.4%
Quote Character % Correct
'Oh, that way madness lies; let me shun that.'King Lear
22.7%
'Is this her fault or mine? The tempter or the tempted, who sins most?'Angelo
17.7%
'The queen, the queen, the sweet'st, dear'st creature's dead, and vengeance for't not dropp'd down yet. 'Paulina
15.3%
'Assign'd am I to be the English scourge. This night the siege assuredly I'll raise: Expect Saint Martin's summer, halcyon days, Since I have entered into these wars.'Joan la Pucelle
15.1%
'Good sirs, take heart: We'll bury him; and then, what's brave, what's noble, Let's do it after the high Roman fashion, And make death proud to take us.'Cleopatra
14.3%
'T'were all one that I should love a bright particular star, And think to wed it, he is so above me. 'Helena
14%
'O mother, mother! What have you done? Behold, the heavens do ope, The gods look down, and this unnatural scene they laugh at.'Coriolanus
13.4%
'Many a good hanging prevents a bad marriage.'Feste
13%
'I swear again, I would not be a queen for all the world.'Anne
12.7%
'Peace! impudent and shameless Warwick, peace; Proud setter up and puller down of kings!'Queen Margaret
9.1%
'The words of Mercury are harsh after the songs of Apollo. You, that way: we, this way.'Don Armado
8.6%
'The first thing we do, let's kill all the lawyers.'Dick the Butcher
8.4%
'Why, then the world's mine oyster, Which I with sword will open.'Pistol
7.6%
'All of her that is out of door most rich! If she be furnish'd with a mind so rare, She is alone the Arabian bird, and I have lost the wager. Boldness be my friend!'Iachimo
6.7%
'Will you put out mine eyes? These eyes that never did nor never shall so much as frown on you?'Arthur
6.7%
''Tis not enough to help the feeble up, But to support him after.'Timon
4.8%
'By my troth, your town is troubled with unruly boys.'Dromio of Syracuse
4.8%
'Tis time to fear when tyrants seem to kiss.'Pericles
4.3%

You're not logged in!

Compare scores with friends on all Sporcle quizzes.
Join for Free
OR
Log In

You Might Also Like...

Show Comments

Extras

Top Quizzes Today


Score Distribution

Your Account Isn't Verified!

In order to create a playlist on Sporcle, you need to verify the email address you used during registration. Go to your Sporcle Settings to finish the process.

Report this User

Report this user for behavior that violates our Community Guidelines.

Details: